| 000 | 00407nam a2200157 i 4500 | ||
|---|---|---|---|
| 001 | 40158 | ||
| 003 | ES-MaACL | ||
| 005 | 20230906160143.0 | ||
| 007 | t| | ||
| 008 | 030305q19201999fr ||||1| fre d | ||
| 100 | 1 |
_aCarco, Francis. _935108 |
|
| 245 | 1 | 0 |
_aPerversité _b: roman / _cFrancis Carco. |
| 260 |
_aParis : _b[s.n., _c192-?] ( _fRamlot) |
||
| 300 |
_a256 p. ; _c19 cm. |
||
| 852 |
_aES-MaACL _jF-1595 |
||
| 999 |
_c40158 _d40158 |
||